| 000 | 00511nam a22001697a 4500 | ||
|---|---|---|---|
| 999 |
_c9129 _d9129 |
||
| 008 | 210324b ||||| |||| 00| 0 eng d | ||
| 040 | _aBMS College of Architecture | ||
| 100 | _aGeorge, Anna Anu | ||
| 245 | _aMedia center for asianet groups Bangalore | ||
| 300 | _a31p. | ||
| 500 | _a1BM05AT002 | ||
| 502 |
_8B.Arch _NBMS College of Architecture, Visvesvaraya Technological University _aProject report _d2010 |
||
| 650 | _aNA | ||
| 700 |
_aK Manjula _eGuide |
||
| 700 |
_aPushpa D _eGuide |
||
| 942 |
_2ddc _cTHE |
||